000 00923nam a22002177a 4500
003 OSt
005 20251001173744.0
008 240403b ||||| |||| 00| 0 eng d
040 _c0
082 _aDPer 621.381 Ie21 October 2022 v. 37 n. 10
100 _aZhao, Shuai.
_eauthor.
_955835
245 _aParameter estimation of power electronic converters with physics-informed machine learning /
_cShuai Zhao, Yingzhou Peng, Yi Zhang, and Huai Wang.
260 _aNew York ;
_bThe Institute of Electrical and Electronics Engineers, Inc. ,
_cOctober 2022.
300 _avolume 37, pages 11567-11578 :
_billustration ;
_c28 cm.
500 _aIEEE Transactions on Power Electronics, v. 37, n. 10, pages 11567-11578, October 2022.
700 _aZhao, Shuai.
_eauthor.
_955835
700 _aPeng, Yingzhou.
_eauthor.
_955836
700 _aZhang, Yi.
_eauthor.
_955837
700 _aWang, Huai.
_eauthor.
_955838
942 _2ddc
_cPER
999 _c19966
_d19966